International Business (Record no. 345646)
[ view plain ]
| 000 -LEADER | |
|---|---|
| fixed length control field | 00411 a2200169 4500 |
| 020 ## - INTERNATIONAL STANDARD BOOK NUMBER | |
| International Standard Book Number | 0071163409 |
| 022 ## - INTERNATIONAL STANDARD SERIAL NUMBER | |
| International Standard Serial Number | 780071163408 |
| 082 ## - DEWEY DECIMAL CLASSIFICATION NUMBER | |
| Classification number | 658.049 |
| 090 ## - LOCALLY ASSIGNED LC-TYPE CALL NUMBER (OCLC); LOCAL CALL NUMBER (RLIN) | |
| -- | 3157 |
| -- | 3157 |
| 100 ## - MAIN ENTRY--PERSONAL NAME | |
| Personal name | Hill,Charles W.L. |
| 245 ## - TITLE STATEMENT | |
| Title | International Business |
| Statement of responsibility, etc. | Charles W.L.Hill |
| 250 ## - EDITION STATEMENT | |
| Edition statement | 3rd |
| 260 ## - PUBLICATION, DISTRIBUTION, ETC. | |
| Place of publication, distribution, etc. | New York |
| Name of publisher, distributor, etc. | Irwin McGraw-Hill |
| Date of publication, distribution, etc. | 2001 |
| 300 ## - PHYSICAL DESCRIPTION | |
| Extent | 692p |
| 500 ## - GENERAL NOTE | |
| General note | Paper cover |
| 942 ## - ADDED ENTRY ELEMENTS (KOHA) | |
| Institution code [OBSOLETE] | NBS |
| Koha item type | Book |
| Call number prefix | 658.049 HIL |
| Withdrawn status | Lost status | Damaged status | Not for loan | Permanent Location | Current Location | Date acquired | Total Checkouts | Full call number | Barcode | Date last seen | Date last checked out | Price effective from | Koha item type | Checked out |
|---|---|---|---|---|---|---|---|---|---|---|---|---|---|---|
| Central Library (CL) | Central Library (CL) | 08/28/2013 | 2 | 658.049 HIL | NBS4397 | 03/13/2021 | 11/20/2020 | 08/28/2013 | Book | |||||
| Central Library (CL) | Central Library (CL) | 08/28/2013 | 1 | 658.049 HIL | NBS5116 | 11/16/2022 | 11/20/2020 | 08/28/2013 | Book | |||||
| Central Library (CL) | Central Library (CL) | 08/28/2013 | 5 | 658.049 HIL | NBS8131 | 01/22/2026 | 01/22/2026 | 08/28/2013 | Book | 02/21/2026 | ||||
| Central Library (CL) | Central Library (CL) | 08/28/2013 | 658.049 HIL | NBS7308 | 08/28/2013 | 08/28/2013 | Book |
